The Wide window / (Record no. 298556)
[ view plain ]
| 000 -LEADER | |
|---|---|
| fixed length control field | 00616nam a2200217Ia 4500 |
| 008 - FIXED-LENGTH DATA ELEMENTS--GENERAL INFORMATION | |
| fixed length control field | 160803s9999 xx 000 0 und d |
| 020 ## - INTERNATIONAL STANDARD BOOK NUMBER | |
| International Standard Book Number | 978-0064407687 |
| 100 ## - MAIN ENTRY--PERSONAL NAME | |
| Personal name | Snicket, Lemony |
| 245 #4 - TITLE STATEMENT | |
| Title | The Wide window / |
| 245 ## - TITLE STATEMENT | |
| Statement of responsibility, etc | by Lemony Snicket ; illustrations by Brett Helquist. |
| 260 ## - PUBLICATION, DISTRIBUTION, ETC. (IMPRINT) | |
| Place of publication, distribution, etc | New York : |
| 260 ## - PUBLICATION, DISTRIBUTION, ETC. (IMPRINT) | |
| Name of publisher, distributor, etc | Scholastic Inc. |
| 260 ## - PUBLICATION, DISTRIBUTION, ETC. (IMPRINT) | |
| Date of publication, distribution, etc | 2000 |
| 300 ## - PHYSICAL DESCRIPTION | |
| Extent | 214 pages : |
| 300 ## - PHYSICAL DESCRIPTION | |
| Other physical details | illustrations ; |
| 300 ## - PHYSICAL DESCRIPTION | |
| Dimensions | 19 cm. |
| 440 ## - SERIES STATEMENT/ADDED ENTRY--TITLE | |
| Title | A series of unfortunate events ; |
| 440 ## - SERIES STATEMENT/ADDED ENTRY--TITLE | |
| Volume number/sequential designation | bk. 3 |
| 500 ## - GENERAL NOTE | |
| General note | Originally published: New York : HarperCollins Publishers, c2000. |
| 700 ## - ADDED ENTRY--PERSONAL NAME | |
| Personal name | 1150 |
| Withdrawn status | Lost status | Damaged status | Home library | Current library | Shelving location | Date acquired | Total Checkouts | Barcode | Date last seen | Price effective from | Koha item type |
|---|---|---|---|---|---|---|---|---|---|---|---|
| Stonyhurst Southville International School (Batangas) | Stonyhurst Southville International School (Batangas) | Lexiled | 08/03/2016 | SC-482 | 08/03/2016 | 08/03/2016 | Books |